Countries Least Similar To Kazakhstan - Statistics

General Stats
  • This quiz has been taken 36 times
  • The average score is 4 of 21
Answer Stats
Rank Country Score % Correct
5 Haiti 46.8
47%
20 Japan 49.6
47%
1 Papua New Guinea 44.3
34%
10 Somalia 48.3
34%
15 Vanuatu 49.1
34%
2 Solomon Islands 45.5
31%
14 Bahamas 49.0
28%
4 Samoa 46.7
28%
16 Lesotho 49.2
19%
11 Liberia 48.4
19%
3 Malawi 46.3
19%
17 Trinidad and Tobago 49.3
19%
6 Jamaica 47.0
16%
17 Uganda 49.3
16%
9 Burundi 48.1
13%
12 Bhutan 48.5
9%
8 East Timor 47.9
9%
13 Bangladesh 48.9
6%
7 Sierra Leone 47.6
6%
20 Guinea-Bissau 49.6
0%
19 Nepal 49.4
0%
No matching quizzes found
Score Distribution
Percent of People with Each Score
Percentile by Number Answered
Your Score History
You have not taken this quiz